¿Papá Noel o Los Reyes Magos? - Estadísticas

Estadísticas generales
  • Esta prueba ha sido intentada 235 veces
  • La puntuación promedio es 12 de 14
Estadísticas de respuestas
Pregunta Respuesta % Correcto
Viene/vienen desde Oriente Los Reyes Magos
100%
Fue/fueron creado/s por La Biblia Los Reyes Magos
100%
Tradicionalmente, en la víspera, sale una cabalgata por las calles de las ciudades con este/os personaje/s subido/s a carrozas Los Reyes Magos
100%
Viste/n de color rojo Papá Noel
96%
Trae/traen los regalos el 25 de diciembre Papá Noel
96%
Knecht Ruprecht es el acompañante de... en algunas tradiciones de algunos paises Papá Noel
96%
En España, hay un total de 14418 nombres que hacen referencia a este/os personaje/s Los Reyes Magos
89%
En época de la colonización española en América, este día era de asueto para los esclavos negros, que salían a las calles a bailar al ritmo de sus tamboras Los Reyes Magos, 6 de Enero
89%
Tiene/n mujer (cónyuge) Papá Noel
89%
Bettina Schade es una de las promotoras de la iniciativa para defender la figura de San Nicolás en Alemania frente a... Papá Noel
86%
¨hCG¨ y ¨Dukan¨ son nombres de algo que a este/os personaje/s le/s vendría/n muy bien... Papá Noel
79%
El nombre científico de los animales que acompañan a este/os hombre/s mágico/s es Rangifer tarandus Papá Noel
75%
En un pueblo de Puerto Rico llamado Juana Díaz hay 2 monumentos dedicados a... Los Reyes Magos
61%
En la película ¨La Vida de Brian¨ se hace una parodia a este/os personaje/s Los Reyes Magos
57%
No se encontraron pruebas coincidentes
Distribución de puntuación
Porcentaje de gente con cada puntuación
Porcentaje por número respondido
Historial de tus puntuaciones
No has intentado esta prueba.